000 00223 a2200097 4500
001 4770
100 _aHippel,A.R.V
245 _aMoleculare science molecular engineering
260 _a
_bM.I.T press
_c
090 _c3963
_d3963
942 _aNUST-CAE
_cM
_c30226
999 _c239843
_d239843